New Trends on the Combustion Processes in Spark Ignition Engines (Record no. 20576)

MARC details
000 -LEADER
fixed length control field 01296nam a2200133Ia 4500
008 - FIXED-LENGTH DATA ELEMENTS--GENERAL INFORMATION
fixed length control field 220616s9999||||xx |||||||||||||| ||und||
020 ## - INTERNATIONAL STANDARD BOOK NUMBER
International Standard Book Number 9783040000000
245 #0 - TITLE STATEMENT
Title New Trends on the Combustion Processes in Spark Ignition Engines
546 ## - LANGUAGE NOTE
Language note English[eng]
650 ## - SUBJECT ADDED ENTRY--TOPICAL TERM
Topical term or geographic name entry element iso-octane||n-heptane||toluene||surrogate fuels||burning velocity||combustion bomb||octane number||knocking||spark-ignition||performance||knock sensor||fuel economy||vehicle acceleration||spark ignition||calorimeter||thermal energy||spark plug||natural gas engine||Biodiesel||diesel engines||diethyl ether||ethanol||biofuels||emissions||fuels||synthetic fuels||internal combustion engine||alternative fuels||lipid bio-oils||pyrogasoline||exhaust emissions and spark-ignition engine||combustion optimization||cylinder-to-cylinder variation||cycle-to-cycle variation||fuel consumption||0D-1D engine modeling||experiments||axial engines||wobble plate||opposed piston engine||uniflow scavenging||variable compression ratio||variable valve timing||downsizing||downspeeding||multifuel potential||Ion current||cylinder pressure||cooperative combustion diagnosis and control||field-programmable gate array||artificial neural network
700 ## - ADDED ENTRY--PERSONAL NAME
Personal name Martins, Jorge
856 ## - ELECTRONIC LOCATION AND ACCESS
Uniform Resource Identifier <a href="https://mdpi.com/books/pdfview/book/4047">https://mdpi.com/books/pdfview/book/4047</a>
942 ## - ADDED ENTRY ELEMENTS (KOHA)
Koha item type E-Books
Holdings
Withdrawn status Lost status Damaged status Not for loan Home library Current library Date acquired Total Checkouts Date last seen Price effective from Koha item type
        Kerala University of Digital Sciences, Innovation and Technology Knowledge Centre Kerala University of Digital Sciences, Innovation and Technology Knowledge Centre 16/06/2022   16/06/2022 16/06/2022 E-Books